Podremos vivir juntos?: iguales y diferentes
Saved in:
| Main Author: | |
|---|---|
| Format: | Book |
| Language: | Spanish |
| Published: |
Madrid
PPC Editorial
1997
|
| Edition: | 1a. ed |
| Subjects: | |
| Tags: |
Add Tag
No Tags, Be the first to tag this record!
|
MARC
| LEADER | 00000cam a2200000 a 4500 | ||
|---|---|---|---|
| 001 | UCD2169 | ||
| 003 | CL-VaPUC | ||
| 008 | 160414e19970000sp |||||||||||||||||spa|d | ||
| 020 | |a 8428814430 | ||
| 082 | 0 | 4 | |a 301 |b TOU |2 21 |
| 100 | 0 | |a Touraine, Alain |e author |9 585451 | |
| 245 | 1 | 0 | |a Podremos vivir juntos?: iguales y diferentes |
| 250 | |a 1a. ed | ||
| 300 | |a 445 p | ||
| 942 | |c BK | ||
| 945 | |d 20160414 22:20:00 |a arojas | ||
| 260 | |a Madrid |b PPC Editorial |c 1997 | ||
| 650 | 0 | |a Sociología |9 255410 | |
| 650 | 0 | |a Sociedad |9 307903 | |
| 650 | 7 | |a ESTRUCTURA SOCIAL |2 CL-VaPUC |9 585452 | |
| 650 | 7 | |a MOVIMIENTO SOCIAL |2 CL-VaPUC |9 391895 | |
| 650 | 0 | |a Globalización |9 361930 | |
| 650 | 0 | |a Cultura |9 269059 | |
| 583 | |a last modification |c 20160414 22:20:00 |k Rodrigo Vera | ||
| 999 | |c 363364 |d 363362 | ||
| 952 | |0 0 |1 0 |3 erb |4 0 |6 301_000000000000000_TOU_1997 |7 0 |8 A |9 475557 |a BIBTEO |b BIBTEO |i 5281512 |o 301 TOU 1997 |p 5281512 |r 2025-01-17 |w 2019-11-24 |y BK |z Catalogado en:20160414 |k ICR | ||